Guess the Harry Potter Movies by Scene #48 - Statistics

General Stats
  • This quiz has been taken 109 times
  • The average score is 18 of 20
Answer Stats
Picture Answer % Correct
Chamber of Secrets
96%
Chamber of Secrets
96%
Deathly Hallows – Part 2
96%
Deathly Hallows – Part 2
96%
Goblet of Fire
96%
Half-Blood Prince
96%
Philosopher's Stone
96%
Prisoner of Azkaban
96%
Chamber of Secrets
92%
Deathly Hallows – Part 1
92%
Deathly Hallows – Part 1
92%
Half-Blood Prince
92%
Order of the Phoenix
92%
Prisoner of Azkaban
92%
Chamber of Secrets
88%
Philosopher's Stone
88%
Half-Blood Prince
83%
Half-Blood Prince
83%
Order of the Phoenix
83%
Goblet of Fire
79%
No matching quizzes found
Score Distribution
Percent of People with Each Score
Percentile by Number Answered
Your Score History
You have not taken this quiz